000 00462nam a22001937a 4500
005 20251114124009.0
008 251114b |||||||| |||| 00| 0 eng d
020 _a9789394364288
040 _cILCL
041 _2eng
_aeng
084 _aZ2,5 R3
100 _aGandhi, B.M
_9851428
245 _aPenal Law
250 _a5
260 _aLucknow
_bEastern Book Company
_c2023
300 _acxxix,1015p.
700 _aPandey, K A
_9851429
942 _2CC
_cTB
999 _c1465396
_d1465396